logo

Bir Sreshtho Munshi Abdur Rouf Library
Jhenaidah Cadet College

বঙ্গানুবাদ ফাযায়িলে যিকর / (Record no. 6423)

MARC details
000 -LEADER
fixed length control field 00859nam a2200229 a 4500
001 - CONTROL NUMBER
JCCL Control Number 6423
003 - CONTROL NUMBER IDENTIFIER
JCCL marc code BD-JhCC
005 - DATE AND TIME OF LATEST TRANSACTION
control field 20180125125136.0
008 - FIXED-LENGTH DATA ELEMENTS--GENERAL INFORMATION
fixed length control field 171104s1970 bg |||| ||a| 000 0 ben d
035 ## - SYSTEM CONTROL NUMBER
system control number (BD-JhCC) 6423
040 ## - CATALOGING SOURCE
Original cataloging agency BD-JhCC
Modifying agency BD-JhCC
041 ## - LANGUAGE CODE
Language code of Book ben
082 ## - DEWEY DECIMAL CLASSIFICATION NUMBER
Classification number 297.124
Author mark and Year SHA 1970
100 ## - MAIN ENTRY--PERSONAL NAME
Personal name সাহেব, মুহাম্মদ যাকারিয়া
245 ## - TITLE STATEMENT
Title বঙ্গানুবাদ ফাযায়িলে যিকর /
Statement of responsibility, etc মুহাম্মদ যাকারিয়া সাহেব, মাও কাযী আবদুস শহীদ (অনু.)
260 ## - PUBLICATION, DISTRIBUTION, ETC. (IMPRINT)
Place of publication, distribution, etc ঢাকা :
Name of publisher, distributor, etc কোরআন মঞ্জিল,
Date of publication, distribution, etc 1970.
300 ## - PHYSICAL DESCRIPTION
Pagination 308 p .:
Dimensions 22 cm .
650 ## - SUBJECT ADDED ENTRY--TOPICAL TERM
Topical term or geographic name as entry element Hadith
General subdivision Islam
700 ## - ADDED ENTRY--PERSONAL NAME
Personal name শহীদ, মাও কাযী আবদুস
942 ## - ADDED ENTRY ELEMENTS (KOHA)
Source of classification or shelving scheme Dewey Decimal Classification
Koha item type Books
Holdings
Source of classification or shelving scheme Damaged status Not for loan Home library Current library Shelving location Date of accession Total Checkouts Full call number Barcode Date last seen Copy number Koha item type
Dewey Decimal Classification     JCC Rouf Library JCC Rouf Library General Stacks 01/23/2018   297.124 SHA 1970 527 01/23/2018 C-1 Books

JCC Library | Contacts | JCC Home

Last Update on 23 September 2017
Copyright @ 2017-2020 JCC Rouf Library
Rouf Library, Jhenidah Cadet College (JCC), Bangladesh